000 00700nam a22002177a 4500
003 UA-OsUOA
001 123357
007 ta
008 20170613b un ||||| |||| 00| 0 ukr d
100 _aПолякова Т. М.
090 _a81
_bП54
942 _cSA
040 _aUA-OsUOA
_bukr
_cUA-OsUOA
_dUA-OsUOA
245 _aАвторське тлумачення українізмів у російськомовних творах Г. Ф. Квітки-Основ'яненка
300 _aС.64-71
955 _a0
041 _aukr
080 _a81
773 0 _w123354
650 7 _a8 Мовознавство. Художня література. Літературознавство
_2UDC
999 _c410342
_d410342